Car logos EXTREME - Statistics

General Stats
  • This quiz has been taken 135 times
  • The average score is 13 of 16
Answer Stats
Picture Answer % Correct
Nissan
97%
Lamborghini
96%
Subaru
96%
Volvo
94%
Dodge
93%
Corvette
89%
Maserati
89%
Skoda
89%
Mustang
88%
Seat
83%
Acura
82%
Cadillac
79%
Buick
77%
Lincoln
75%
Scion
61%
Infinity
55%
No matching quizzes found
Score Distribution
Percent of People with Each Score
Percentile by Number Answered
Your Score History
You have not taken this quiz